000 00471nam a2200205Ia 4500
003 0100
008 130303s9999 xx 000 0 und d
020 _a29109752
040 _cARRUPELIB
050 _aD16.8.F85 1992
100 _aFukuyama, Francis
245 4 _aThe end of history and the last man
260 _aNew York
260 _bFree Press
260 _C1992
300 _axxiii
300 _b 418p. 25cm.
700 _aFrancis Fukuyama
942 0 0 _08
999 _c16718
_d16718